Návrh koncepcie komunálneho vozidla s pracovnými nadstavbami na prepravu materiálu s výkonom 80kW

Saved in:
Bibliographic Details
Main Author: Láskavý, Jozef (Author)
Other Authors: Gulan, Ladislav (Thesis advisor)
Format: Manuscript Book
Language:Slovak
Published: 2015
Subjects:
Online Access:http://is.stuba.sk/zp/portal_zp.pl?podrobnosti=112958
Tags: Add Tag
No Tags, Be the first to tag this record!

MARC

LEADER 00000ntm a22000003a 4500
001 stuzp52578
003 SK-STU
005 20160719154221.6
007 ta
008 150427s2015----xo-----f-mn---000-0-slo-d
040 |a STU  |b slo 
041 0 |a slo 
100 1 |a Láskavý, Jozef  |u 020030  |4 aut  |U SjF Strojnícka fakulta  |T SjF Ústav dopravnej techniky a konštruovania  |X 43693  |U J0030  |Y 806  |7 A000043693 
242 0 1 |a Design of the municipal vehicle with work attachments with an engine power of 80 kW.  |y eng 
245 1 0 |a Návrh koncepcie komunálneho vozidla s pracovnými nadstavbami na prepravu materiálu s výkonom 80kW 
260 |c 2015 
650 4 |a komunálne vozidlo  |2 slo 
650 4 |a nosič náradia  |2 slo 
650 4 |a rám podvozku  |2 slo 
650 4 |a hydromechanický pohon  |2 slo 
650 4 |a trojbodový záves  |2 slo 
650 4 |a municipal vehicle  |2 eng 
650 4 |a tool carrier  |2 eng 
650 4 |a chassis frame  |2 eng 
650 4 |a hydro mechanical drive  |2 eng 
650 4 |a three-point hitch  |2 eng 
700 1 |a Gulan, Ladislav  |4 ths  |X 2356  |7 A000002356 
856 4 |u http://is.stuba.sk/zp/portal_zp.pl?podrobnosti=112958 
SQL |a stuzp52578  |b DDP  |c SLO  |d Návrh koncepcie komunálneho vozidla s pracovnými nadstavbami na prepravu materiálu s výkonom 80kW  |e 43693  |f Láskavý, Jozef  |g 020030  |h 2356  |i Gulan, Ladislav  |j 20150618  |k 59  |l 02  |m http://is.stuba.sk/zp/portal_zp.pl?podrobnosti=112958  |n I-SZSU  |o 5.2.3. dopravné stroje a zariadenia